Music Quiz

Random Music or Artist Quiz

Country Artist by Song Quiz Stats

Quiz Updated Jul 17, 2013

Challenge
Share
Tweet
Embed
Score 0/30 Timer 05:00
9 Plays Today
Song Artist % Correct
Jesus, Take The WheelCarrie Underwood
87.3%
Friends in Low PlacesGarth Brooks
83.1%
Tim McGrawTaylor Swift
81.8%
ChattahoochieAlan Jackson
73.1%
As Good As I Once WasToby Keith
72.7%
This KissFaith Hill
71.5%
Goodbye EarlDixie Chicks
71.1%
Boot Scootin' BoogieBrooks & Dunn
66.9%
Any Man Of MineShania Twain
62.9%
Forever & Ever AmenRandy Travis
56.5%
American Saturday NightBrad Paisley
56.4%
SummertimeKenny Chesney
54.7%
The GamblerKenny Rogers
54.5%
Mountain MusicAlabama
54.2%
Coat of Many ColorsDolly Parton
52.2%
Song Artist % Correct
FancyReba McEntire
50.4%
All My Rowdy Friends Have Settled DownHank Williams Jr.
49.9%
The ChairGeorge Strait
48.5%
Take Me ThereRascal Flatts
45.8%
Free And Easy (Down The Road I Go)Dierks Bentley
44.2%
Here's a Quarter (Call Someone Who Cares)Travis Tritt
41.3%
Walkin' After MidnightPatsy Cline
35.6%
Settlin'Sugarland
35.3%
Okie From MuskogeeMerle Haggard
32%
Rhinestone CowboyGlen Campbell
30.9%
Love Can Build A BridgeThe Judds
27.8%
Good Hearted WomanWaylon Jennings
26.6%
Kiss An Angel Good MorningCharley Pride
19.9%
There's No Gettin' over MeRonnie Milsap
10.9%
I Sang DixieDwight Yoakam
7.7%

You're not logged in!

Compare scores with friends on all Sporcle quizzes.
Join for Free
OR
Log In

You Might Also Like...

Show Comments

Extras

Top Quizzes Today


Score Distribution

Your Account Isn't Verified!

In order to create a playlist on Sporcle, you need to verify the email address you used during registration. Go to your Sporcle Settings to finish the process.

Report this User

Report this user for behavior that violates our Community Guidelines.

Details: